BUBT Library Online Catalog

বাংলাদেশের মুক্তিসংগ্রামের ইতিহাস ১৯৪৭-১৯৭১ / (Record no. 7190)

000 -LEADER
fixed length control field 01262nam a22002297a 4500
003 - CONTROL NUMBER IDENTIFIER
control field BUBTL
008 - FIXED-LENGTH DATA ELEMENTS--GENERAL INFORMATION
fixed length control field 240113b ||||| |||| 00| 0 eng d
020 ## - INTERNATIONAL STANDARD BOOK NUMBER
International Standard Book Number 9789840423866
041 ## - LANGUAGE CODE
Language code of text/sound track or separate title ben
082 ## - DEWEY DECIMAL CLASSIFICATION NUMBER
Classification number 954.92/ Ah52b/ 1997
245 ## - TITLE STATEMENT
Title বাংলাদেশের মুক্তিসংগ্রামের ইতিহাস ১৯৪৭-১৯৭১ /
Statement of responsibility, etc. সালাহ্‌উদ্দীন আহমদ, মোনায়েম সরকার, নুরুল ইসলাম মঞ্জর
250 ## - EDITION STATEMENT
Edition statement 1st ed.
260 ## - PUBLICATION, DISTRIBUTION, ETC. (IMPRINT)
Place of publication, distribution, etc. ঢাকা :
Name of publisher, distributor, etc. আগামী প্রকাশনী,
Date of publication, distribution, etc. c1997
300 ## - PHYSICAL DESCRIPTION
Extent 408 p.:
Dimensions 22 cm
505 ## - FORMATTED CONTENTS NOTE
Formatted contents note বাংলাদেশের মুক্তিসংগ্রামের ইতিহাস ১৯৪৭-১৯৭১, মুক্তিযুদ্ধ, সালাহ্‌উদ্দীন আহমদ, মোনায়েম সরকার, নুরুল ইসলাম মঞ্জর
650 #0 - SUBJECT ADDED ENTRY--TOPICAL TERM
9 (RLIN) 1755
Topical term or geographic name as entry element মুক্তিযুদ্ধ
700 ## - ADDED ENTRY--PERSONAL NAME
9 (RLIN) 5639
Personal name আহমদ, সালাহ্‌উদ্দীন
700 ## - ADDED ENTRY--PERSONAL NAME
9 (RLIN) 5640
Personal name সরকার, মোনায়েম
856 ## - ELECTRONIC LOCATION AND ACCESS
Password 0
Logon 0
Link text Download
942 ## - ADDED ENTRY ELEMENTS (KOHA)
Source of classification or shelving scheme
Koha item type Books
Holdings
Withdrawn status Lost status Source of classification or shelving scheme Damaged status Not for loan Collection code Permanent location Current location Shelving location Date acquired Source of acquisition Inventory number Total Checkouts Full call number Barcode Date last seen Copy number Price effective from Koha item type
          Historical Books Bangladesh University of Business and Technology Library Bangladesh University of Business and Technology Library Historical Books 09/14/2023 Purchase 29693   954.92/ Ah52b/ 1997 BUBTL-200329693 01/13/2024 C-1 01/13/2024 Books
          Historical Books Bangladesh University of Business and Technology Library Bangladesh University of Business and Technology Library Historical Books 09/14/2023 Purchase 29694   954.92/ Ah52b/ 1997 BUBTL-200329694 01/13/2024 C-2 01/13/2024 Books

More Information About Library

Library Hours

  • Open: 9.00 am. to 9.00 pm.
  • Only Sunday: 9.00 am. to 6.00 pm.
  • Closed: Holiday

Contact to the University

Bangladesh University of Business and Technology Library

  • Mirpurl-2, 1216.
  • Phone:
  • Fax:
  • E-Mail: admin.library@bubt.edu.bd

Contact to the Library

Contact Person:

Md. Abdul Hakim Shah
Joint Librarian
PABX No:  113
Cell No: 01816332931
E-mail: official: admin.library@bubt.edu.bd
Personal: hakim.shah@bubt.edu.bd


BUBT Library

Copyright © 2021